000 01157nam a22003497a 4500
003 CHAP
005 20220329140014.0
008 971013s1955 r 00010 d
010 _a45403
011 _a46375
035 _a50516
040 _cCHAP
090 _aTesis
100 0 0 _aTerrazas Loyola, Jorge Alberto.
_9112401
245 _aMejoramiento de suelos en el sistema de riego de Valsequillo, Edo. de Puebla
260 _aChapingo, Méx. :
_bEl autor,
_c1955
300 _a33 p.
_b: ilus.
502 _aTesis (Ing. Agr. Esp. en Industrias) -- ENA
590 _aALEPH
_b10
_c20130110
_lUCH01
_h1315
590 _aBATCH-UPD
_b10
_c20130110
_lUCH01
_h0013
590 _aBATCH-UPD
_b10
_c20130110
_lUCH01
_h1529
590 _aBATCH-UPD
_b10
_c20130409
_lUCH01
_h1950
590 _aBATCH-UPD
_b10
_c20130914
_lUCH01
_h1209
590 _aCONVERSION
_b10
_c20130109
_lUCH01
_h1325
650 1 4 _aDistrito de Riego Valsequillo, Pue.
_932954
650 1 4 _aIrrigación
_xPuebla.
_960476
650 1 4 _aSuelos
_xFertilidad.
_9110367
901 _aBK
942 _cFOLL
949 _bBC
_cTES
_d-113476
_eTS1
_i50516
_si
949 _bBC
_cTES
_d-113477
_eTS2
_fc.2
_i50516
_si
999 _c45403
_d45403